000 00857cab a2200265 4500
001 ABS50915
008 090401t1994 xxu||||| |||| 00| 0 eng d
035 _a(Sirsi) u1423
041 _aeng
100 _aStapylton-Smith, D
245 _aInvesting in centres in copropriete
260 _c1994
350 _a0
490 _aEstates Gazette
_v(9423) 11 June 1994, 111-113(3)
520 _aExplains the concept of copropriete for the benefit of investors in French shopping centres. Suggests ways in which an investor in a shopping centre can retain control over the mall.
650 _aFRANCE
650 _aFREEHOLD INTEREST
650 _aPROPERTY LAW
650 _aRETAIL DEVELOPMENT
650 _aSHOPPING CENTRES
690 _aPROPERTY-COMMERCIAL PROPERTY-RETAIL PROPERTY
690 _aOVERSEAS-EUROPE
942 _n0
948 _c04/03/1997
999 _c787
_d787